Design To Sell : Use Microsoft Publisher To Plan Write And Desing Great Marketing Pieces (Record no. 150217)

MARC details
000 -LEADER
fixed length control field 00328nam a2200109Ia 4500
008 - FIXED-LENGTH DATA ELEMENTS--GENERAL INFORMATION
fixed length control field 230302s9999 xx 000 0 und d
082 ## - DEWEY DECIMAL CLASSIFICATION NUMBER
Classification number 004.2PAR
100 ## - MAIN ENTRY--PERSONAL NAME
Personal name PARKER (Roger. C)
245 ## - TITLE STATEMENT
Title Design To Sell : Use Microsoft Publisher To Plan Write And Desing Great Marketing Pieces
260 ## - PUBLICATION, DISTRIBUTION, ETC.
Place of publication, distribution, etc. New Delhi
Name of publisher, distributor, etc. PHI
365 ## - TRADE PRICE
Currency code RS
Holdings
Withdrawn status Lost status Damaged status Not for loan Home library Current library Date acquired Cost, normal purchase price Total Checkouts Full call number Barcode Date last seen Price effective from Koha item type
        College of Engineering, New Delhi College of Engineering, New Delhi 03/03/2023 250.00   004.2PAR ECD-MB4517 03/03/2023 03/03/2023 Book